| 000 | 00589nam a2200169 i 4500 | ||
|---|---|---|---|
| 001 | 171330 | ||
| 003 | ES-MaACL | ||
| 005 | 20230906214614.0 | ||
| 008 | 090511s1900 fr |||| | fre d | ||
| 080 | _a782.6 | ||
| 100 | 1 |
_aCarré, Albert. _935593 |
|
| 245 | 1 | 3 |
_aLa basoche _b: opéra-comique en trois actes / _cparoles de Albert Carré ; musique de André Messager. |
| 260 |
_aParis : _bChoudens : _bCalmann-Lévy, _c1900. |
||
| 300 |
_a132 p. ; _c18 cm. |
||
| 650 | 4 |
_aOperetas- _vLibretos. _9139352 |
|
| 852 | 4 |
_aES-MaACL _jE-12637 _9R.140194 _z. - Biblioteca Jacinto Martínez Lacalle |
|
| 999 |
_c171330 _d171330 |
||